• 首页
  • 本馆介绍
  • 公告通知
  • 最新文献
  • 馆藏检索
  • 电子资源
  • 读者导购
  • 参考咨询
  • 我的图书馆
  • 登录
  • 详细信息显示
  • 放入我的书架
  • 预约/预借图书
  • 作者相关作品
  • 分类相关作品
  • 丛书相关作品
  • 出版社相关作品

书目信息

  • 表格格式
  • 工作单格式
  • 卡片格式
题名:
最美静物
    
 
作者: 丁立龙 著
分册: 7   照片 素描 色彩
出版信息: 武汉   湖北美术出版社  2012
页数: 40页
开本: 42cm
丛书名:
单 册:
中图分类: G634.955.3
科图分类:
主题词: 素描技法--高中--升学参考资料 , 水粉画--静物画--绘画技法--高中--升学参考资料 , 素描技法 , 水粉画 , 静物画 , 绘画技法
电子资源:
ISBN: 978-7-5394-4791-9
000 00810nam0 2200301 450
001 005766755
005 20130608085653.04
010    @a978-7-5394-4791-9@dCNY32.80
035    @a005766755
100    @a20120511d2012 em y0chiy0110 ea
101 0  @achi
102    @aCN@b420000
105    @aa z 000yy
106    @ad
200 1  @a最美静物@9zui mei jing wu@h7@i照片 素描 色彩@f丁立龙著
210    @a武汉@c湖北美术出版社@d2012
215    @a40页@d42cm
300    @a造型基础最美系列
606 0  @a素描技法@x高中@j升学参考资料
606 0  @a水粉画@x静物画@x绘画技法@x高中@j升学参考资料
606 0  @a素描技法
606 0  @a水粉画
606 0  @a静物画
606 0  @a绘画技法
690    @aG634.955.3@v5
701  0 @a丁立龙@9ding li long@4著
801  0 @aCN@bNLC@c20120814
905    @dG634.955.3@e1119
    
    最美静物.7.照片 素描 色彩/丁立龙著.-武汉:湖北美术出版社,2012
    40页;42cm
    造型基础最美系列
    
    ISBN 978-7-5394-4791-9:CNY32.80
    
●
相关链接 在E读中查询图书 在五车中查询图书 在当当中查询图书 在豆瓣中查询图书


正题名:最美静物     索取号:G634.955.3/1119         预约/预借

序号 登录号 条形码 馆藏地/架位号 状态 备注
1 0543880   205438800   第一样本阅览室/ [索取号:G634.955.3/1119] 在馆    
2 0543881   205438819   美术系资料室/ [索取号:G634.955.3/1119] 在馆    
3 0543882   205438828   美术系资料室/ [索取号:G634.955.3/1119] 在馆    
4 0543883   205438837   美术系资料室/ [索取号:G634.955.3/1119] 在馆    
5 0543884   205438846   美术系资料室/ [索取号:G634.955.3/1119] 在馆    
唐山师范学院图书馆 欢迎您!
大连网信软件有限公司© 版权所有